Εγκυμοσύνη και γέννηση : χαρές και προβλήματα

Αποθηκεύτηκε σε:
Λεπτομέρειες βιβλιογραφικής εγγραφής
Κύριος συγγραφέας: Macy, Christopher
Άλλοι συγγραφείς: Falkner, Frank T., 1918-2003, Ανδρέου, Ιωάννης (Μεταφραστής)
Μορφή: Βιβλίο
Γλώσσα:Greek
English
Δημοσίευση: Αθήνα : Ψυχογιός, [c1981].
Έκδοση:4η έκδ.
Σειρά:Ο κύκλος της ζωής
Θέματα:
Ετικέτες: Προσθήκη ετικέτας
Δεν υπάρχουν, Καταχωρήστε ετικέτα πρώτοι!

MARC

LEADER 00000cam a2200000 i 4500
001 1/85278
008 960910s1981 gr | ||| |||| ||gre||
020 |a 960702060X 
035 |a 1992  |b 1  |c Πολεμικός  |l 10034659 
040 |a GR-MY-UA  |b gre  |e aacr 
041 1 |a gre  |h eng 
082 7 |a 612.63   |2 (22) 
100 1 |a Macy, Christopher. 
245 1 0 |a Εγκυμοσύνη και γέννηση :   |b χαρές και προβλήματα /   |c Κρίστοφερ Μέϊσυ, Φράνκ Φώκνερ ; μετάφραση: Ιωάννης Ανδρέου.  
250 |a 4η έκδ. 
260 |a Αθήνα :   |b Ψυχογιός,   |c [c1981].  
300 |a 127 σ. :   |b φωτ. ;   |c 21 εκ.  
490 1 |a (Ο κύκλος της ζωής) 
500 |a Τίτλος πρωτοτύπου: Pregnancy and birth.  
650 0 0 |a Pregnancy. 
650 0 0 |a Childbirth. 
700 1 |a Falkner, Frank T.,   |d 1918-2003. 
700 1 |a Ανδρέου, Ιωάννης,  |e trl 
830 0 |a Ο κύκλος της ζωής 
852 |a INST  |b RHODES  |e 19960910  |h 612.63 MAC  |p 005400008182  |q 005400008182  |t BK  |y 0 
909 |a Ρ  |b 021923 
970 |z 2000/07